000 01064nam0a2200313 4500
001 RU\NLR\ONL2\22826
005 20250613223914.0
010 _a978-5-905288-53-1
_9500
035 _a(NLR Aleph) 010209785
090 _a10269663
_c10269663
100 _a20120410d2012 |||y0rusy50 ca
101 0 _akbd
102 _aRU
105 _ay |||||||||
200 1 _aАдыгэ псалъэ, 7 класс
_fХьэцIыкIу Р. А.
210 _aНалшык
_cООО "Тетраграф"
_d2012
215 _a126,[1]
_d22
541 1 _6z01790
_aКабардинское слово
_eэксперимент. учеб. пособие
_zrus
606 0 _aКабардино-черкесский язык
_91149396
_3RU\NLR\auth\66458555
686 1 _aШ160.25-922
700 1 _aХьэцIыкIу
_bР. А.
_4070
790 1 _6z01541
_aХацукова
_bР. А.
_gРаиса Алгериевна
_4070
801 0 _aRU
_bNLR
_c20120410
_gPSBO
852 _aNLR
_jКабар./3-1470
_m3713
852 _aNLR
_bОНЛ
942 _cBOOK
980 _aNB
980 _aONL_RF